Komerční rizika v zahraničním obchodu a ochrana proti nim
Salvato in:
| Autore principale: | |
|---|---|
| Natura: | Libro |
| Lingua: | ceco |
| Pubblicazione: |
Praha
ASPI Publishing
2001
|
| Soggetti: | |
| Tags: |
Nessun Tag, puoi essere il primo ad aggiungerne!!
|
MARC
| LEADER | 00000nam a2200000 4500 | ||
|---|---|---|---|
| 001 | c133410 | ||
| 005 | 20221124104620.8 | ||
| 020 | |a 80-86395-14-6 | ||
| 041 | 0 | |a cze | |
| 044 | |a CZ | ||
| 245 | 1 | 0 | |a Komerční rizika v zahraničním obchodu a ochrana proti nim |c František Janatka, Arnošt Böhm, Jaroslav Hándl a kolektiv |
| 264 | 1 | |a Praha |b ASPI Publishing |c 2001 | |
| 300 | |a 222 s. | ||
| 610 | 2 | 0 | |a riziko obchodné |
| 610 | 2 | 0 | |a obchod zahraničný |
| 610 | 2 | 0 | |a materiál |
| 610 | 2 | 0 | |a obaly |
| 610 | 2 | 0 | |a zmluvy medzinárodné |
| 610 | 2 | 0 | |a vývoz |
| 610 | 2 | 0 | |a dovoz |
| 610 | 2 | 0 | |a subvencie |
| 610 | 2 | 0 | |a dumping |
| 610 | 2 | 0 | |a dohody medzinárodné |
| 610 | 2 | 0 | |a výroba |
| 610 | 2 | 0 | |a predaj |
| 610 | 2 | 0 | |a operácie obchodné |
| 610 | 2 | 0 | |a podpora vývozu |
| 610 | 2 | 0 | |a poistenie |
| 610 | 2 | 0 | |a zákony |
| 610 | 2 | 0 | |a doprava |
| 610 | 2 | 0 | |a riziko |
| 610 | 2 | 0 | |a výrobky |
| 100 | 1 | |a Janatka, František | |